Injustice 2 Characters - Statistics

General Stats
  • This quiz has been taken 22 times
  • The average score is 26 of 38
Answer Stats
Super Move Fighter % Correct
SHAZAM!! Black Adam
94%
___ of Gotham Batman
89%
Bad Kitty Catwoman
89%
The Amulet of Anubis Doctor Fate
89%
Not So Funny, Is It? Joker
89%
Sonic Scream Black Canary
83%
Time Changer The Flash
83%
Skull Ship Brainiac
78%
Absolute Zero Captain Cold
78%
Queen of the Jungle Cheetah
78%
Never Miss Deadshot
78%
Get 'Em Boys Harley Quinn
78%
Gotham's Outlaw Red Hood
78%
Starry Night Starfire
78%
The Beast Below Aquaman
72%
Target Practice Green Arrow
72%
Asteroid Shower Supergirl
72%
Final Flight Superman
72%
Green Kingdom Swamp Thing
72%
Princess Power Wonder Woman
72%
Vengeance of ____ Bane
67%
Animal Instinct Gorilla Grodd
67%
Deep Freeze Sub-Zero
67%
The Big Bang Atom
61%
Apokolips Cyborg
61%
Boss ________ Darkseid
61%
Mechanized Assault Green Lantern
61%
FEED ME Poison Ivy
61%
Holding Back Robin
61%
Shell Shock TMNT
61%
The Butcher Atrocitus
56%
Shape Shifter Blue Beetle
56%
Molecular Mayhem Firestorm
56%
Out of Body Experience Enchantress
50%
Power Surge Raiden
44%
Final Resting Place Hellboy
39%
Death Bed Scarecrow
39%
Speared and Sheared Black Manta
33%
No matching quizzes found
Score Distribution
Percent of People with Each Score
Percentile by Number Answered
Your Score History
You have not taken this quiz